00582 2200241 4500001002100000008004100021035002000062245003800082100001600120250000600136260003000142300002600172020002200198084001400220082000800234650000800242990001500250990001500265990001500280990001500295990001500310990001500325INLIS000000000003421 ind  a0010-0526000044 aX-Press TKA SosiologicMarina Tri aTri, Marina a1 aJakarta :bErlanggac2025 a129 hlmc21 x 25.5 cm a978-623-522-799-3 a301 MAR x a301 aTKA a20150/B/26 a20151/B/26 a20152/B/26 a20153/B/26 a20154/B/26 a20155/B/26